000
00225as aa2200097a 44500
090
_a
SERIADAS
_b
00865
245
1
0
_a
Immunology Today
260
_b
Elsevier Trends Journals
_a
Estados Unidos
041
0
_a
Inglés
942
_c
REVISTA
999
_c
16943
_d
16943